000 00278nam a2200109Ia 4500
008 210107s9999 xx 000 0 und d
100 _aIyer, Ramaswamy
245 0 _aWater, perspectives, issues, concerns
260 _aNew Delhi
_bSAGE Publications
300 _a368
942 _cBK
999 _c11566
_d11566